[Event "Lippstadt 12th"]
[Site "Lippstadt"]
[Date "2004.08.01"]
[Round "9"]
[White "Greenfeld, Alon"]
[Black "Schenk, Andreas"]
[Result "1/2-1/2"]
[WhiteElo "2555"]
[BlackElo "2483"]
[Annotator "Ribli,Z"]
[PlyCount "94"]
[EventDate "2004.07.24"]
[EventType "tourn"]
[EventRounds "9"]
[EventCountry "GER"]
[EventCategory "10"]
[SourceTitle "CBM 103"]
[Source "ChessBase"]
[SourceDate "2004.11.11"]
[SourceVersion "1"]
[SourceVersionDate "2004.11.11"]
[SourceQuality "1"]

1. c4 e5 2. Nc3 Nf6 3. Nf3 Nc6 4. e3 {Diese Variante wird heutzutage selten
gespielt.} ({Die populärere Fortsetzung ist} 4. g3) 4... Bb4 5. Nd5 (5. Qc2)
5... e4 6. Ng1 ({Nach} 6. Nxb4 $6 Nxb4 7. Nd4 c5 8. Nb3 b6 $15 {hat Schwarz
Raumvorteil und steht gesund, während die weisse Stellung Schwächen auf den
weissen Feldern aufweist (besonders das Feld d3).}) 6... O-O 7. a3 Bd6 {
Im Moment steht der Läufer etwas unnatürlich auf d6, Schwarz möchte aber bald .
..Be5 ziehen.} 8. Ne2 Re8 {Mit diesem ruhigen Turmzug setzt Schwarz seine
Entwicklung fort.} ({Im Fall von} 8... Nxd5 {bekommt Weiss dauerhaften
Raumvorteil, da nach} 9. cxd5 {sein Pd5 stark wird.} Ne5 10. Nc3 (10. Ng3 f5
11. d3 Qh4 12. dxe4 fxe4 13. Be2 b6 14. Qd4 Bb7 15. Qxe4 Qxe4 16. Nxe4 Bxd5 17.
Nxd6 cxd6 18. f4 Bxg2 19. Rg1 Nf3+ 20. Bxf3 Bxf3 21. Bd2 Rac8 22. Bc3 g6 23. h4
{Wahls,M-Svidler,P/ Germany 2004/ 1/2-1/2 (48)}) 10... f5 11. d4 exd3 12. Bxd3
Nxd3+ 13. Qxd3 Be5 14. O-O d6 15. Bd2 Bd7 16. f4 Bf6 17. e4 Kh8 18. exf5 Bxf5
19. Qf3 Qe8 20. h3 Qg6 21. Kh2 h5 22. Rae1 {Filippov,V-Van Wely,L/ Tripoli LBA
2004/ 1-0 (27)}) 9. Nec3 Be5 10. d4 exd3 11. Bxd3 d6 12. Nxf6+ (12. O-O Bxc3
13. Nxc3 Be6 14. e4 Ne5 15. b3 Nxd3 16. Qxd3 Nd7 17. Qg3 Kh8 18. Bb2 f6 19.
Rae1 a6 20. Nd5 b5 21. Qc3 bxc4 22. bxc4 Rb8 23. Qc2 {1/2-1/2 Miles,A-Bacrot,E/
Havana 1998 (23)}) 12... Bxf6 (12... Qxf6 13. Nd5 Qd8 14. O-O $11) 13. Nd5 $11
{[%csl Gd5] Der weisse Springer steht stark auf d5, die schwarze Stellung ist
jedoch fest und ohne Schwächen.} Ne5 14. Be2 (14. O-O c6 15. Nxf6+ (15. Nf4 $11
) 15... Qxf6 16. Be2 Bf5 17. f3 $11) 14... Bh4 {Schwarz spielt noch nicht 14...
c6, da er seinen schwarzfeldrigen Läufer auf dem Brett halten möchte.} (14...
c6 15. Nxf6+ Qxf6 16. O-O $11) 15. O-O (15. Bd2 c6 16. Nf4 Bg5 17. Nh5 $11 (17.
O-O Bxf4 18. exf4 Ng6 19. Be3 $11)) 15... c6 {Jetzt kann Schwarz endlich den
Springer von d5 verjagen.} 16. Nf4 (16. Nc3 $11) 16... Bf6 17. Nh5 Be7 {
[%cal Ge7f8][%mdl 32] Wie schon zuvor (14...Bh4) vermeidet Schwarz den
Abtausch seines schwarzfeldrigen Läufers, und kann so nach 18...Bf8 seinen Pd6
dauerhaft verteidigen.} (17... Bf5 18. Nxf6+ Qxf6 $11) 18. Bd2 Bf8 19. Bc3 Qh4
{[%csl Gh4][%cal Ge5c4,Ge5g4,Gc8g4] Mit der aktiven Damenstellung auf h4 hat
Schwarz einige Initiative am Königsflügel.} 20. h3 {Weiss verteidigt sich
gegen ...Ng4 und ...Bg4.} (20. b3 Ng4 21. h3 Qxh5 22. Bxg4 Bxg4 23. Qxg4 (23.
hxg4 Qg6 $15) 23... Qxg4 24. hxg4 Re4 25. g5 Be7 26. Rfd1 Re6 27. Rd2 Bxg5 $15)
20... Ng6 (20... Be6 21. b3 Rad8 22. f4 $16) (20... Nxc4 21. g3 (21. Bf6 gxf6
22. Bxc4 d5 $15) 21... Nxe3 22. gxh4 Nxd1 23. Bxd1 Bxh3 24. Re1 Rxe1+ 25. Bxe1
d5 26. Bf3 $14) 21. Qd2 (21. Qd4 Re4 22. Qd2 Bxh3 $2 23. Ng3 $16) 21... Be6 22.
b3 (22. Qd4 Qxd4 23. Bxd4 a5 $11) 22... Rad8 (22... d5 $5 23. Qb2 Qg5 24. f4 (
24. Bxg7 Bxh3 $17) 24... Qh6 25. f5 Bxf5 26. Rxf5 Qxe3+ 27. Rf2 Bc5 $13) 23.
Qb2 {[%cal Rb2g7,Rh5g7]} Bxh3 $5 $13 {[%mdl 512] Nach diesem Läuferopfer
bekommt Schwarz gefährliche Angriffschancen am Königsflügel.} (23... Ne5 $2 24.
f4 $16) 24. gxh3 Qxh3 {Schwarz hat bisher zwei Bauern für die Figur, und
obwohl er keine konkrete Drohungen hat, muss Weiss am Königsflügel immer
vorsichtig sein.} 25. Bxg7 (25. Bf6 gxf6 26. Nxf6+ Kh8 27. Nxe8+ Ne5 28. Rfd1
Rxe8 29. Bf1 Qg4+ 30. Bg2 Bg7 $36) 25... Re5 $1 {Dieses weitere Materialopfer
ist die einzige Chance für Schwarz, sein Spiel am Königsflügel fortzusetzen.}
26. Bxe5 (26. Bf6 Bg7 27. Nxg7 Nh4 28. Bxh4 Qxh4 29. Bf3 (29. Qxe5 dxe5 30. Nh5
Rd2 31. Ng3 Qg5 $13) 29... Rg5+ 30. Bg2 Rxg2+ 31. Kxg2 Qg4+ $11) 26... dxe5 {
[%csl Ge5,Rg1][%cal Rg6h4] Jetzt droht 27...Nh4.} 27. Nf6+ Kh8 {[%csl Rg1]
[%cal Rg6h4]} 28. Bg4 (28. Qb1 {war zu erwägen.} Bg7 (28... Nh4 $4 {geht nun
nicht wegen} 29. Qxh7#) 29. Nxh7 Kxh7 $44) 28... Qh4 29. Rad1 Qxf6 30. Rxd8
Qxd8 $14 {Nach den vorangegangenen Komplikationen hat Schwarz nur einen Bauern
für die Qualität. Da die weisse Königsstellung aber noch immer ein wenig
schwach ist, ist für Weiss die Verwertung des Materialvorteils (wenn überhaupt
möglich) sehr schwer.} 31. Qc2 h5 (31... Bxa3 $5 {kam in Frage.} 32. Qf5 Qe7
33. Rd1 Nf8 $11) 32. Bh3 Nh4 (32... Qg5+ 33. Kh1 Bxa3 34. Ra1 Bc5 35. b4 Bxb4
36. Rxa7 $36) 33. Qe4 Bg7 34. Kh1 Qf6 35. c5 $1 {Weiss gewinnt Raum am
Damenflügel. Bei Schwarz ist zwar alles verteidigt, doch kann er seine
Stellung nicht verbessern.} a5 36. b4 axb4 37. axb4 Qg5 38. Rg1 Qf6 39. Rd1 $6
({Gut war} 39. Rg3 $1 $16 {nebst 40.Kg1, denn} Qxf2 $2 {scheitert an} 40. Qxh4
$18) 39... Qxf2 40. Rd8+ Bf8 41. Qxe5+ Kg8 42. Qg5+ Ng6 43. Bg2 $2 {Dieser Zug
kostet Weiss den wichtigen b4-Bauern.} ({Besser war} 43. Rd7 $1 Bh6 44. Qf5 $16
(44. Qxh6 Qe1+ 45. Kh2 Qf2+ 46. Bg2 Qh4+ 47. Kg1 Qe1+ 48. Bf1 Qg3+ 49. Kh1 Qh4+
50. Kg2 Qg4+ $11)) 43... Qe1+ $11 {[%cal Re1b4,Re1h1]} 44. Kh2 Qxb4 45. Rd7
Bxc5 ({Oder} 45... Qxc5 46. Qxc5 Bxc5 47. Rxb7 Bxe3 (47... Ne5 48. Rb8+ Kg7 49.
Rc8 $11) 48. Bxc6 Kg7 $11) 46. Qf6 Be7 47. Qd4 Qxd4 1/2-1/2

[Event "New York op"]
[Site "New York"]
[Date "1998.03.16"]
[Round "1"]
[White "Shahade, Gregory P"]
[Black "Akopian, Vladimir Eduardovic"]
[Result "0-1"]
[WhiteElo "2320"]
[BlackElo "2660"]
[Annotator "Ribli,Z"]
[PlyCount "84"]
[EventDate "1998.03.16"]
[EventType "swiss"]
[EventRounds "9"]
[EventCountry "USA"]
[SourceTitle "CBM 064"]
[Source "ChessBase"]
[SourceDate "1998.06.02"]
[SourceVersion "1"]
[SourceVersionDate "1998.06.02"]
[SourceQuality "1"]

1. c4 e5 2. Nc3 Nc6 3. Nf3 Nf6 4. d4 {In letzter Zeit ist dieser Zug wieder
populär. Nach meiner persönlichen Meinung bietet 4.g3 aber dem Weißen bessere
Chancen als der Textzug.} exd4 5. Nxd4 Bb4 6. Bg5 h6 7. Bh4 Bxc3+ $5 {Schwarz
gibt freiwillig das Läuferpaar auf, bekommt dafür aber die bessere
Bauernstruktur. Die weißen c-Bauern sind ewige Schwächen.} (7... O-O 8. Rc1 Re8
9. e3 (9. a3)) 8. bxc3 {[%csl Rc3,Rc4]} Ne5 9. f4 {Weiß muß wegen seiner
Bauernschwächen aktiv spielen.} Ng6 (9... Nxc4 $2 10. e4 $16 {Vakhidov,
T-Ajapbergenov,A/Bishkek zt/1993/CBM35/}) 10. Bxf6 Qxf6 11. g3 {[%csl Rg6]} Nf8
$5 {Das ist Karpovs Idee. Schwarz verbessert seine Springerstellung. Dieser
Zug ist besser als die kurze Rochade, wonach Schwarz zunächst ...Re8 zur
Vorbereitung von ...Nf8 spielen muß.} (11... O-O 12. Qd2 c6 (12... d6 13. Bg2
Ne7 14. Nb5 c6 15. Nxd6 Nf5 16. Nxf5 Bxf5 17. O-O Rfe8 18. Rfe1 Rad8 19. Qb2
Be4 20. Bxe4 Rxe4 $44 {Smirin,I-Adams,M/EU-ch Rapid-30' 1996/1-0 (52)}) 13. Bg2
b6 14. O-O Ba6 15. e4 d6 16. Nxc6 Bxc4 17. Rf2 Rac8 18. Nd4 Rc7 19. Rd1 Re8 20.
Qb2 Nf8 21. Rfd2 Rc5 22. Nc2 Be6 23. Rxd6 Qxc3 24. Qxc3 Rxc3 25. Nb4 {1/2-1/2
Maric,A-Galliamova,A/FIDE Cand Women 1997 (39)}) 12. Bg2 Ne6 13. e4 (13. O-O
O-O 14. Qd2 d6 15. Nb3 Rb8 16. f5 Ng5 17. Qd4 Qxd4+ 18. cxd4 Re8 19. Rae1 b6
20. Bc6 Bb7 $1 21. Bxb7 Rxb7 22. d5 Ne4 23. Rc1 Rbb8 24. Rc2 Nf6 {1/2-1/2
Vaganian,R-Tukmakov,V/Rostov 1993}) 13... d6 {Natürlich muß Schwarz den Zug 14.
e5 verhindern.} 14. O-O O-O 15. Qd2 Nc5 $11 {[%csl Gc5] Endlich hat Schwarz
eine feste Springerstellung. Der Springer c5 blockiert die weißen
Bauernschwächen und kontrolliert den Bauern e4.} 16. Nb3 $6 {Es ist
verständlich, daß Weiß den starken gegnerischen Springer tauschen möchte, aber
Schwarz kann dem ausweichen.} (16. Rae1 Rb8 17. Re3 Bd7 18. Nb3 Nxb3 $5 19.
axb3 Bc6 20. Qd4 a6 21. Qxf6 {1/2-1/2 Kramnik,V-Karpov,A/Las Palmas 1996}) (16.
Rfe1) 16... Na4 {[%csl Rc3]} (16... Nxb3 $6 17. axb3 $14 {In diesem Fall hat
Weiß eine gute Bauernstruktur und eine aktive Stellung.}) 17. Rac1 (17. Qd4
Nxc3 18. Qxf6 (18. e5 Ne2+ 19. Kf2 Nxd4 20. exf6 Nc6 (20... Nxb3 21. axb3 gxf6
22. Rfe1 $44 {[%csl Ga1,Ge1,Gg2][%cal Re1e7] Weiß hat zwei Minusbauern, aber
aktives Figurenspiel.}) 21. fxg7 Kxg7 22. c5 $44) 18... gxf6 19. a4 Bd7 $15)
17... Be6 18. Qd4 c5 $1 $15 {Schwarz fürchtet die Doppelbauern in der f-Linie
nicht.} 19. Qxf6 (19. Qxd6 Rad8 20. e5 Qf5 21. Qc7 Bxc4 $15) 19... gxf6 {
Schwarz hat auch struturelle Probleme, aber der Unterschied ist, daß Weiß die
schwarzen Schwächen nicht angreifen kann.} 20. Rfd1 Nb2 {[%csl Rc4]} (20...
Rfd8 21. Na5 b6 22. Nc6 Rd7 23. e5 $11) 21. Rxd6 Nxc4 {[%csl Gc4]} 22. Rd3 b6 {
Schwarz hat die viel besseren Aussichten am Damenflügel, während Weiß am
Königsflügel nicht erreichen kann.} 23. e5 (23. f5 Ne5 $15 {[%csl Ge5]}) (23.
Nd2 Rfd8 24. Rxd8+ Rxd8 25. Nxc4 Bxc4 26. a4 Rd2 $15) 23... Rad8 24. Rxd8 (24.
Rcd1 Rxd3 25. Rxd3 fxe5 $17) 24... Rxd8 {[%cal Gd8d1]} 25. exf6 {[%csl Rb3,Rc1,
Gc4,Gd8] Weiß besitzt einen Mehrbauern, aber der Bauer f6 ist leicht
anzugreifen,und Schwarz entfaltet aktives Figurenspiel. Besonders der Turm in
der d-Linie steht stark.} Ne3 $44 26. Bf3 (26. h3 {Weiß bereitet 27.g4 und 28.
f5 vor.} Rd1+ (26... h5 27. Bf3) (26... c4 $6 27. Nd4 $14 {[%csl Gd4]}) (26...
Bxb3 27. axb3 Rd2 28. Bf3 Nf5 29. g4 Nh4 30. Be4 $14) 27. Rxd1 Nxd1 $15 {
[%csl Rc3,Rf6]}) 26... Ng4 27. Bxg4 (27. h3 Nxf6 28. g4 Rd3 29. Kf2 Bd5 30.
Bxd5 Nxd5 $17 {[%csl Rb3,Rc3,Gd3,Gd5,Rf4]}) 27... Bxg4 28. Rc2 {Weiß möchte 29.
Rd2 spielen, aber Schwarz ist schneller.} Rd3 29. c4 (29. Rd2 Rxc3 $15 {
[%csl Gc3]}) (29. Nd2 Bd1 30. Rb2 Rxc3 $15) 29... Kh7 {[%csl Rb3,Gd3,Gh7][%cal
Rh7g6,Rg6f6] Weiß spielte Nb3?! schon in 16.Zug, aber der Springer hat keine
Zukunft in dieser Partie.} 30. Nc1 Rd1+ 31. Kf2 Kg6 {Der f6-Bauer ist nicht zu
halten und alle schwarzen Figuren stehen sehr aktiv.} 32. Ne2 Bf5 (32... Kxf6
33. Nc3 $132) 33. Rb2 (33. Rc3 Rd2 $17 {[%csl Gd2][%cal Gd2a2,Gd2h2]}) 33...
Bd3 $5 {Der Bauer c4 ist wichtiger für Schwarz als der f6-Bauer.} 34. Nc3 Rf1+
35. Kg2 (35. Ke3 Bxc4 $17 {[%csl Rf6]}) 35... Bxc4 $17 {Weiß verliert den
Bauern f6 und er hat kein Gegenspiel.} 36. Nd5 Rc1 37. Ne7+ Kxf6 38. Nc8 {
[%cal Rc8a7]} Ra1 {[%csl Ra2]} 39. Nxa7 Rxa2 40. Rxa2 Bxa2 $19 {Schwarz hat
einen Mehrbauern, die bessere Leichtfigur und zwei entfernte Freibauern. Er
steht auf Gewinn.} 41. Kf2 Ke6 42. f5+ Ke5 $1 {und Weiß gab dieses
hoffnungslose Endspiel auf.} (42... Kxf5 43. Nc8 b5 44. Nd6+ Ke5 45. Nxb5 $17)
(42... Ke5 $1 43. Nc8 b5 {[%csl Gb5,Gc5,Rc8] und Weiß hat keine Gegenchancen.
Die schwarzen Bauern entscheiden die Partie. Ribli.}) 0-1

[Event "Groningen PCA"]
[Site "Groningen"]
[Date "1993.??.??"]
[Round "8"]
[White "Ljubojevic, Ljubomir"]
[Black "Illescas Cordoba, Miguel"]
[Result "0-1"]
[WhiteElo "2595"]
[BlackElo "2625"]
[Annotator "Ribli,Z"]
[PlyCount "84"]
[EventDate "1993.12.??"]
[EventType "swiss"]
[EventRounds "11"]
[EventCountry "NED"]
[SourceTitle "CBM 039"]
[Source "ChessBase"]
[SourceDate "1994.04.01"]
[SourceVersion "1"]
[SourceVersionDate "1994.04.01"]
[SourceQuality "1"]

1. c4 e5 2. Nc3 Nf6 3. Nf3 Nc6 4. e3 Bb4 5. Qc2 O-O 6. d3 Re8 7. a3 (7. Bd2 Bf8
$10 {Rivas Pastor-Nikolic,P/Manila ol/1992/INF55,(36)}) 7... Bxc3+ 8. Qxc3 d5
9. cxd5 Qxd5 (9... Nxd5 10. Qc2 a5 11. b3 $13) 10. e4 (10. Be2 Bg4 11. O-O Rad8
$13) 10... Qd6 11. Be3 Bg4 12. Nd2 Nd4 13. Nc4 Qc6 14. f3 Be6 15. Bxd4 (15. Kf2
Bxc4 16. dxc4 Rad8 17. Rd1 Rd7 $10) 15... exd4 16. Qxd4 Rad8 17. Qc3 Bxc4 18.
Qxc4 (18. dxc4 Nxe4 $1 19. fxe4 Rxe4+ 20. Kf2 Qc5+ 21. Kf3 Qf5+ 22. Kg3 Rg4+
23. Kh3 Qh5#) 18... Qb6 $44 19. Qb4 (19. O-O-O $5) 19... Qe3+ 20. Kd1 Nd7 21.
Kc2 Ne5 22. Re1 Qh6 23. Be2 Nc6 $1 24. Qc3 Nd4+ 25. Kb1 Qb6 26. Bd1 Re5 27. f4
Ra5 28. Ka2 Nb5 29. Qb3 (29. Qb4 c5 30. Qb3 Qa6 $36) 29... Qf2 30. Qc2 Qxf4 31.
Rhf1 Qxh2 $2 (31... Qd6 $1) 32. Qd2 b6 33. Bb3 Qd6 34. e5 Qc5 35. Bxf7+ (35.
Rxf7 Rxa3+ 36. bxa3 Qxa3+ 37. Kb1 Qxb3+ $19) 35... Kh8 36. Rh1 g6 37. Rxh7+ $2
(37. Qh6 $2 Nc3+ 38. bxc3 (38. Ka1 Rxa3+ $19) 38... Qxa3+ 39. Kb1 Rb5+ 40. Kc2
Rb2+ 41. Kd1 Rxd3+ $19) (37. Bxg6 $1 Nxa3 (37... Rxa3+ 38. Kb1 Nc3+ 39. bxc3
Qb5+ 40. Qb2 Rb3 41. Rxh7+ Kg8 42. Bf7+ Kxh7 43. Bxb3 $18) 38. Rxh7+ Kg8 39.
Rh8+ Kxh8 40. Qh6+ Kg8 41. Qh7+ Kf8 42. Qf7#) 37... Kxh7 38. Rh1+ Kg7 39. Qh6+
Kxf7 40. Rf1+ Ke6 41. Rf6+ Kd5 42. Qd2 Nc3+ 0-1

[Event "BIH-chT"]
[Site "Neum"]
[Date "2004.06.04"]
[Round "7.1"]
[White "Alekseev, Evgeny V"]
[Black "Golubovic, Boris"]
[Result "1/2-1/2"]
[WhiteElo "2616"]
[BlackElo "2424"]
[Annotator "Ribli,Z"]
[PlyCount "113"]
[EventDate "2004.05.29"]
[EventType "team"]
[EventRounds "9"]
[EventCountry "BIH"]
[SourceTitle "CBM 102"]
[Source "ChessBase"]
[SourceDate "2004.09.23"]
[SourceVersion "1"]
[SourceVersionDate "2004.09.23"]
[SourceQuality "1"]
[WhiteTeam "Kiseljak"]
[BlackTeam "Siroki Brijeg"]
[WhiteTeamCountry "BIH"]
[BlackTeamCountry "BIH"]

1. c4 e5 2. Nc3 Nc6 3. Nf3 Nf6 4. d3 {Meine persönliche Meinung ist, dass
dieser genügsame Zug Weiß keinen Eröffnungsvorteil bietet.} d5 5. cxd5 Nxd5 6.
e3 Nxc3 {Dieser Zug ist natürlich spielbar, aber er erscheint mir weniger
logisch zu sein, denn Schwarz verstärkt die gegnerische Bauernstruktur.} 7.
bxc3 Bd6 8. Be2 (8. e4 O-O 9. Be2 Kh8 10. O-O h6 11. Be3 f5 12. exf5 Bxf5 13.
Nd2 Ne7 14. Qb3 b6 15. Rfe1 Ng6 16. Bf3 Rb8 17. Be4 {1/2-1/2 Vilela,
J-Hernandez,A/Havana 1986/EXT 98 (27)}) 8... O-O 9. O-O Qe7 $11 {Schwarz hat
keine Eröffnungsprobleme und er kann mit b6 und Bb7 seine Entwicklung beenden.}
10. Nd2 {[%cal Gd2c4,Gd2e4]} b6 (10... Be6 $5 $11) 11. Nc4 Bb7 12. a4 $1 {
[%cal Ga4a5][%mdl 4] Weiß provoziert den Zug 12...a5 (was ganz schlecht für
Schwarz wäre) bzw. er möchte selbst a4-a5 ziehen.} (12. Bf3 $11) 12... Nd8 $6 (
12... a5 $2 13. Nxd6 cxd6 (13... Qxd6 $2 14. Ba3 $18) 14. Rb1 $16) (12... Rfd8
$5 13. a5 Nxa5 14. Nxa5 bxa5 $11) 13. d4 $14 {Weiß hat eine aktive Stellung im
Zentrum, während der schwarze d8N weniger gut steht.} Re8 (13... e4 14. a5 $14)
14. a5 Rb8 15. Re1 {Mit diesem nützlichen Wartezug bereitet Weiß 16.Bf1 und 17.
e4 vor.} f6 16. Nxd6 $1 Qxd6 (16... cxd6 17. axb6 axb6 18. e4 $1 $14 Bxe4 $2
19. Bc4+ d5 20. Bb5 $16) 17. Qb3+ Kh8 (17... Ne6 18. Bb5 c6 19. Ba3 Qd7 20. Bd3
$16) 18. Ba3 {[%csl Ga3,Rd8,Ge2] Das weiße Läuferpaar ist stark, während der
d8N unglücklich steht.} Qd7 (18... Qc6 19. Bf3 (19. f3 $14) 19... e4 20. Be2
$16) 19. Rad1 {[%cal Gd1d7]} Qf5 20. axb6 axb6 21. Bb5 Qg6 (21... c6 22. Bf1
$16) (21... Bc6 22. e4 (22. Bxc6 Nxc6 23. e4 $14) 22... Qc8 23. Bd3 $14) 22. e4
Bc6 23. Bxc6 Nxc6 24. Qc4 $16 {[%csl Gc4,Rc6] Weiß gewinnt einen Bauern.} Na5
25. Qxc7 exd4 26. Rxd4 (26. cxd4 $16) 26... Rbc8 $6 {Schwarz gibt einen
zweiten Bauern, aber ich sehe keine Kompensation.} (26... Rec8) 27. Qxb6 Nc4
28. Qb3 Ne5 {[%cal Rf3e1,Re5f3,Rf3g1,Rf3d4]} (28... Nxa3 29. Qxa3 $18) 29. Kh1
{Weiß hat schon zwei Bauern mehr - Schwarz hat keine Kompensation.} Qh5 30. Bd6
Nc6 31. Qd5 f5 (31... Qxd5 32. Rxd5 $18) 32. Rc4 Na7 33. Rxc8 Nxc8 34. Bc5 $18
{[%cal Gd5h5]} Qg6 35. e5 f4 36. e6 h6 37. f3 Ne7 38. Bxe7 (38. Qd7 Nf5 39. Qf7
Kh7 (39... Qxf7 40. exf7 Rxe1+ 41. Bg1 $18) 40. Re5 $18) 38... Rxe7 39. c4 Kh7
40. Qe4 Qxe4 41. Rxe4 {[%mdl 4096] Weiß hat zwei Mehrbauern und trotz einiger
technischer Probleme muss er natürlich gewinnen.} g5 42. Kg1 Kg7 43. Kf2 Kf8 $1
{Schwarz verteidigt sich gut - er möchte den e-Bauern mit dem König blockieren
und auf diese Weise seinen Turm befreien.} (43... Kf6 $2 44. Ke2 $18) 44. g3
fxg3+ 45. Kxg3 (45. hxg3 Ra7) 45... Ra7 46. c5 Ke7 47. c6 $6 {Dieser Zug
scheint mir zu früh - es wäre besser zuerst den König zu aktivieren.} (47. h4
gxh4+ (47... Ra5 48. hxg5 hxg5 49. Rc4) 48. Kxh4 Ra5 49. Rc4 (49. Re5 Ra4+ 50.
Kh5 Rf4 51. Kxh6 Rxf3 52. Kg5 Rf6 $11) 49... Kxe6 50. c6 Ra8 51. c7 Rc8 52. Kh5
$18) (47. Kg4 $18) 47... Rc7 48. Rc4 Kxe6 49. Kg4 Kf6 $8 (49... Kd5 $2 50. Rc1
$18) 50. f4 (50. Kh5 Kg7) 50... gxf4 51. Kxf4 Ke6 52. Ke4 $2 (52. Kg4 $1 Kf6 (
52... Kd5 53. Rc1 Rxc6 54. Rxc6 Kxc6 55. Kh5 Kd7 56. Kxh6 Ke8 57. Kg7 $18) 53.
Kh5 Kg7 54. Rg4+ $18) 52... h5 $11 53. Rc5 (53. Kf4 Kd5 54. Rc1 Rxc6 55. Rxc6
Kxc6 56. Kg5 Kd7 57. Kxh5 Ke7 58. Kg6 Kf8 $11) 53... h4 54. Kf4 Kd6 55. Rh5
Rxc6 56. Rxh4 (56. Rh6+ Kd7 57. Rxc6 Kxc6 58. Kg5 Kd7 59. Kxh4 Ke6 $11) 56...
Rc4+ 57. Kg5 1/2-1/2

[Event "FIDE-Wch k.o."]
[Site "Tripoli"]
[Date "2004.06.19"]
[Round "1.1"]
[White "Zvjaginsev, Vadim"]
[Black "Lima, Darcy Gustavo Macha"]
[Result "1-0"]
[WhiteElo "2654"]
[BlackElo "2542"]
[Annotator "Ribli,Z"]
[PlyCount "55"]
[EventDate "2004.06.19"]
[EventType "k.o."]
[EventRounds "7"]
[EventCountry "LBY"]
[SourceTitle "CBM 102"]
[Source "ChessBase"]
[SourceDate "2004.09.23"]
[SourceVersion "1"]
[SourceVersionDate "2004.09.23"]
[SourceQuality "1"]

1. c4 e5 2. Nc3 Nf6 3. Nf3 Nc6 4. a3 {Das ist eine selten gespielte Variante,
Weiß verhindert Bb4.} d5 (4... g6 $5) 5. cxd5 Nxd5 6. Qc2 {Wir haben - mit
umgekehrten Farben - eine Stellung, die der Paulsen-Variante der
Sizilianischen Verteidigung ähnelt.} Nxc3 7. dxc3 {Das ist die natürliche
Fortsetzung, aber die Bauernstellung wird symmetrisch.} (7. bxc3) 7... a5 8. e4
Bd6 9. Bc4 O-O 10. Bg5 Qe8 (10... Be7 11. Rd1 Qe8 12. Be3 $14) 11. O-O Be6 12.
Nd2 Bxc4 (12... a4 $5) 13. Nxc4 Qe6 14. Ne3 {[%csl Ge3][%cal Ge3d5,Ge3f5][%mdl
32] Weiß hat einen sehr kleinen Positionsvorteil - sein Springer steht
elastischer als der c6N und er kontrolliert die Punkte d5 und f5.} Be7 (14...
f6 15. Bh4 Ne7 16. Rad1 $11) 15. Bxe7 Nxe7 16. Rad1 Rad8 17. b4 axb4 18. cxb4
$1 {Weiß öffnet die c-Linie.} (18. axb4 c6 $11) 18... c6 (18... Qb6 $5) 19. Qc5
$1 $14 {[%csl Gc5][%cal Gc5b6]} Ng6 20. g3 {Weiß beschränkt den Wirkungskreis
des g6-Springers.} Qb3 21. Qb6 Rxd1 22. Rxd1 Qxa3 23. Qxb7 Qa8 24. Rd7 {
[%csl Gb7,Gd7,Rg6]} (24. Qxa8 Rxa8 $11) 24... Qa1+ (24... Qxb7 25. Rxb7 $16 {
[%csl Gb7,Rg6]}) 25. Kg2 Qb1 26. Qxc6 Qxb4 27. Nf5 $16 {[%csl Gc6,Gd7,Gf5]
[%mdl 2048] Alle weißen Figuren stehen sehr aktiv, während Schwarz eine
passive Stellung hat.} h5 28. h4 {Die Aufgabe der Partie erscheint mir ein
wenig zu früh, aber es ist sehr schwer für Schwarz sich zu verteidigen. Die
weiße Hauptdrohung ist den f7-Bauern durch Qd5 und Nd6 anzugreifen.} (28. h4
Qb3 29. Qd5 Qxd5 30. exd5 $16) 1-0